All 10k+ cities in Oklahoma on a Map - Statistics

General Stats
  • This quiz has been taken 121 times
  • The average score is 22 of 45
Answers on the Map
Answers color-coded by a green-red scale on the quiz's map according to % correct below.
 
Answer Stats
City Population % Correct
Oklahoma City 694,800
100%
Tulsa 411,867
100%
Norman 129,627
94%
Broken Arrow 117,911
92%
Lawton 91,542
80%
Enid 50,499
71%
Moore 63,223
71%
Stillwater 49,160
69%
Edmond 96,286
65%
Midwest City 57,950
61%
Muskogee 36,738
59%
Shawnee 31,720
53%
Bartlesville 37,795
51%
El Reno 18,560
47%
Guymon 12,378
47%
Ardmore 24,869
45%
Bixby 29,800
45%
Mustang 22,232
45%
Jenks 27,141
43%
Miami 12,913
43%
Owasso 39,328
43%
Ponca City 24,340
43%
Guthrie 11,191
41%
Yukon 25,556
41%
Ada 16,542
39%
Del City 21,388
39%
Durant 19,628
39%
Elk City 11,290
39%
Tahlequah 16,828
39%
Chickasha 16,549
37%
McAlester 18,108
37%
Woodward 11,789
37%
Altus 18,556
35%
Claremore 20,174
35%
Sapulpa 22,580
35%
Duncan 23,045
33%
Okmulgee 11,402
33%
Sand Springs 20,031
33%
Choctaw 12,218
31%
Newcastle 13,055
31%
Weatherford 11,859
31%
Bethany 20,447
29%
Coweta 10,456
27%
Warr Acres 10,371
27%
Glenpool 14,211
24%
No matching quizzes found
Score Distribution
Percent of People with Each Score
Percentile by Number Answered
Your Score History
You have not taken this quiz